Регионална библиотека "Любен Каравелов" - Русе

Магическа книга на вълшебствата (Запис номер 54078)

MARC детайли
000 -Лидер
Контролно поле с фиксирана дължина 02441nam a2200469 c 4500
003 - Код на организацията, давaща контролен номер
Контролно поле BLK
005 - Дата и час на последна редакция
Контролно поле 20250520124841.0
008 - Елементи от данни с фиксирана дължина
fixed length control field 180408b bul|||||r ||||||| ||bul||
010 ## - Наследен системен номер
LC control number KNG00058022000
020 ## - Международен стандартен номер на книга ISBN
Международен стандартен номер на книга ISBN 978-954-761-483-3
-- издат.: ИнфоДар
040 ## - Източник на каталожния запис
Идентификатор на билиотеката - собственик на записа BLK
041 ## - Код за език
Код за езика на текст/звукозапис или на отделно заглавие Български
Код за езика КДБФ Български
072 #7 - Код за тематичната категория
Код организация bullib
Код за тематична категория Н10
Текст Философия Н
080 ## - УДК
Текстов определител УДК Проблеми на окултното. Теории и системи на езотеричните дисциплини, които изясняват и интерпретират феномените и проблемите на окултното. Вж и 159.961; 291.3
УДК код - определител по УДК 133
УДК определител
УДК - код + определител 133
080 ## - УДК
Текстов определител УДК Парапсихология. Нумерология. - Халюцинации, пророчества, предсказания, магии, демонология, телепатия, спиритизъм, илюзии, нумерология, мошеничество. Вж и 133 ; 398.4 ; 615.851
УДК код - определител по УДК 159.961
УДК определител
УДК - код + определител 159.961
080 ## - УДК
Текстов определител УДК Издания за деца и юноши. Книжки-картинки. Читанки. Вж и 372.4
УДК код - определител по УДК 087.5
УДК определител
УДК - код + определител 087.5
100 1# - Редна дума - Автор
Автор Пайп, Джим
Авторска отговорност първи автор
R(LIN) 105655
139 ## - Редно поле
Редна дума Пайп, Джим
Авторски знак Пад - П 14
245 10 - Сведения за заглавието
Заглавие Магическа книга на вълшебствата
Редно поле (дума) Джим Пайп; прев. Десислава Недкова; худож. Стюарт Мартин.
257 ## - Страна на издаване
Страна на създаване/издаване Великобритания
260 ## - Област на издателските данни
-- София
Име на издателя, разпространителя и проч. ИнфоДар
Година на издаване 2011
Печатница отпеч. в Китай
300 ## - Физическа характеристика
Страници 30 с.
Илюстрации и др. с цв. ил.
Размери/Мащаб 27Х24 см
Съпровождащи материали CD
380 ## - Жанр
Жанр Детска отраслова лит.
500 ## - Общи забележки
Забележка Без сведение за ориг. загл. - Прил. със сигн. CD 3043. - Съдържа и Магьоснически речник.
650 #4 - Допълнително описание по предмет – тема
Основно описание – тема или топоним Окултизъм
9 (RLIN) 164936
650 #4 - Допълнително описание по предмет – тема
Основно описание – тема или топоним Магии
9 (RLIN) 160892
650 #4 - Допълнително описание по предмет – тема
Основно описание – тема или топоним Книги-игри
9 (RLIN) 158798
653 ## - Ключова дума – ненормативна
Ключова дума окултизъм
653 ## - Ключова дума – ненормативна
Ключова дума магии
653 ## - Ключова дума – ненормативна
Ключова дума книги-игри
653 ## - Ключова дума – ненормативна
Ключова дума литература за деца
653 ## - Ключова дума – ненормативна
Ключова дума детска литература
659 ## - Тематичен бюлетин
Тематичен бюлетин Н
700 1# - Други автори (авторска отговорност)
Лично име Недкова, Десислава
Автороска отговорност (Описва отношението между автора и произведението) прев.
9 (RLIN) 285381
700 1# - Други автори (авторска отговорност)
Лично име Мартин, Стюарт
Автороска отговорност (Описва отношението между автора и произведението) худож.
9 (RLIN) 368969
852 ## - Местоположение
Форматна сигнатура Цб ІІ 17036
856 4# - Електронен адрес и достъп
Електронен формат pdf - файл
Път до файла /url/
856 4# - Електронен адрес и достъп
Електронен формат pdf - файл
Път до файла /url/
942 ## - АРТИКУЛИ
Вид на библиотечния материал Книги
Скрит в OPAC Не
Koha issues (borrowed), all copies 9
944 ## - СЪЗДАВАНЕ И РЕДАКЦИЯ на ЗАПИСА
Създаване/Редакция Създаване
Дата на регистрацията/редакция 11.01.2012
Статус, дата на статуса Вася Ганчева
Служител, извършил регистрацията/редакцията 30549
944 ## - СЪЗДАВАНЕ И РЕДАКЦИЯ на ЗАПИСА
Създаване/Редакция Редакция
Дата на регистрацията/редакция 11.07.2013
Статус, дата на статуса ф /
Служител, извършил регистрацията/редакцията
999 ## - СИСТЕМНИ КОНТРОЛНИ НОМЕРА
Koha biblionumber 54078
Koha biblioitemnumber 54078
Наличности
Код за отписване Код за изгубен артикул Код за повреда Коз за рестрикции Код за отдаване Артикулен № Име на библиотеката - собственик Име на библиотеката, в която се намира в момента Статус (Текущо местоположение) Дата на вписване в системата Местоположение - отдел Цена в лева Инвентарен номер Систематично азбучна сигнатура Баркод Номер на екземпляра Цена в евро Служебна бележка Служебен тип на артикула
  Не е изгубен Не е повреден без рестрикции заемане за дома 85227 Регионална библиотека "Любен Каравелов" Русе Регионална библиотека "Любен Каравелов" Русе Детски отдел 2011-12-19 Детски отдел 20.00 120000756139 ДН 0/П 14 120000756139 1 10.23 Дост: Pk Вид: Ф N: 291 Дата: 15.12.2011 Дата инв: 21.08.2015 Бележки инв: Д2015 Книги
  Не е изгубен Не е повреден без рестрикции ползва се в читалня 85228 Регионална библиотека "Любен Каравелов" Русе Регионална библиотека "Любен Каравелов" Русе Хранилище 2013-07-11 Хранилище 20.00 120000768110 Цб ІІ 17036 120000768110 2 10.23 Дост: Dp Вид: Д N: 13 Дата: 26.03.2012 Книги
Vip Innovations Ltd, Rousse, Bulgaria 2025